[Event "RN-2014-0-00757"]
[Site "LSS email"]
[Date "2014.01.25"]
[Round "?"]
[White "Venturas, Bob"]
[Black "Sariech, Ivan"]
[Result "0-1"]
[WhiteElo "712"]
[BlackElo "800"]
[PlyCount "56"]
[EventDate "2014.01.14"]
[EventType "tourn (corr)"]
[EventRounds "6"]
[EventCountry "GER"]
[SourceTitle "Corr 2022"]
[Source "ChessBase"]
[SourceDate "2021.10.24"]
[SourceVersion "1"]
[SourceVersionDate "2021.10.24"]
[SourceQuality "1"]

1. e4 d6 2. d4 Nf6 3. Nc3 e5 4. dxe5 dxe5 5. Bg5 Nbd7 6. Bc4 Bb4 7. Nge2 h6 8. Bh4 0-0 9. 0-0 Be7 10. f3 c6 11. Bg3 b5 12. Bb3 a5 13. a3 Qc7 14. Nd4 Qb6 15. Bf2 exd4 16. Bxd4 Bc5 17. Bxc5 Qxc5+ 18. Kh1 Ne5 19. Qe1 Re8 20. Ne2 a4 21. Ba2 Qxc2 22. Rf2 Nd3 23. Nd4 Nxf2+ 24. Kg1 Qxb2 25. Nxc6 Nh3+ 26. Kf1 Nxe4 27. fxe4 Rxe4 28. Qxe4 Qf2# 0-1

[Event "OP-2014-0-03246"]
[Site "LSS email"]
[Date "2014.01.20"]
[Round "?"]
[White "Sariech, Ivan"]
[Black "Crapulli, Giuseppe"]
[Result "0-1"]
[WhiteElo "800"]
[BlackElo "1710"]
[PlyCount "26"]
[EventDate "2014.01.17"]
[EventType "tourn (corr)"]
[EventRounds "4"]
[EventCountry "GER"]
[SourceTitle "Corr 2022"]
[Source "ChessBase"]
[SourceDate "2021.10.24"]
[SourceVersion "1"]
[SourceVersionDate "2021.10.24"]
[SourceQuality "1"]

1. b3 e5 2. Bb2 Nc6 3. e3 Nf6 4. Bb5 Bd6 5. Na3 Na5 6. Be2 a6 7. Nf3 Qe7 8. Nb1 0-0 9. d3 Nc6 10. 0-0 b5 11. a3 Re8 12. Nbd2 Bb7 13. c4 h6 0-1